| 000 | 00974nas a2200301 4500 | ||
|---|---|---|---|
| 001 | BR2012001303 | ||
| 003 | BR-BrBNA | ||
| 005 | 20231205120232.0 | ||
| 007 | ta | ||
| 008 | 230509b bl.|||p| |||| 00| 00por d | ||
| 040 |
_aBR-BrBNA _bpor _cBiblioteca Nacional de Agricultura |
||
| 041 | _a(Pt) | ||
| 072 | _aP40; U10 | ||
| 100 | 1 | _aSilva, V.P.R. da | |
| 100 | 1 | _aPereira, E.R.R. | |
| 100 | 1 | _aAzevedo, P.V. de | |
| 100 | 1 | _aSousa, F. de A.S. de | |
| 100 | 1 | _aSousa, I.F. de | |
| 245 | 1 | _aAnálise da pluviometria e dias chuvosos na região Nordeste do Brasil | |
| 650 | _aPRECIPITAÇÃO PLUVIAL | ||
| 650 | _aCHUVA | ||
| 650 | _aCLIMATOLOGIA | ||
| 650 | _aMÉTODO ESTATÍSTICO | ||
| 773 | 0 |
_tRevista Brasileira de Engenharia Agrícola e Ambiental (Brazil) _xISSN 1807-1929 _g(Fev 2011), v.15(2) p. 131-138 _wBR2012001303 |
|
| 856 | 4 | 0 | _uhttp://www.scielo.br/pdf/rbeaa/v15n2/v15n02a04.pdf |
| 909 |
_a202311 _bLúcia _c55 _dLúcia Elande |
||
| 942 |
_2AGRIS _n0 _cANA |
||
| 999 |
_c217556 _d217556 |
||